မွန်ပြည်နယ် ပေါင်မြို့နယ် ဆကေသ မဟာဓာတုဝင် ဇင်းကျိုက်ဆံတော်ရှင် ဘုရားသမိုင်း / (Record no. 40966)

000 -LEADER
fixed length control field 01064nam a22001817a 4500
005 - DATE AND TIME OF LATEST TRANSACTION
control field 20241010143301.0
008 - FIXED-LENGTH DATA ELEMENTS--GENERAL INFORMATION
fixed length control field 241010b ||||| |||| 00| 0 eng d
040 ## - CATALOGING SOURCE
Transcribing agency SSBUL
082 ## - DEWEY DECIMAL CLASSIFICATION NUMBER
Edition number 23
Classification number ၂၉၄.၃၄၃၅၀၉ စေ
Item number ၁၃၁၇၅ S-SAT
100 0# - MAIN ENTRY--PERSONAL NAME
Personal name စေတနာ၊ မောင်။
9 (RLIN) 17382
245 1# - TITLE STATEMENT
Title မွန်ပြည်နယ် ပေါင်မြို့နယ် ဆကေသ မဟာဓာတုဝင် ဇင်းကျိုက်ဆံတော်ရှင် ဘုရားသမိုင်း /
Statement of responsibility, etc. မောင်စေတနာ။
250 ## - EDITION STATEMENT
Edition statement ဒုတိယအကြိမ်။
260 ## - PUBLICATION, DISTRIBUTION, ETC.
Place of publication, distribution, etc. [ထုတ်ဝေသည့်နေရာမပါ] ၊
Name of publisher, distributor, etc. ခိုင်ပုံနိပ်တိုက်၊
Date of publication, distribution, etc. ၁၉၉၆။
300 ## - PHYSICAL DESCRIPTION
Extent ၈၃ စာမျက်နှာ ၊
Other physical details ဓာတ်ပုံ ၊
Dimensions ၁၈ စင်တီ။
500 ## - GENERAL NOTE
General note S-SAT: Dr. Sai Aung Tun
650 ## - SUBJECT ADDED ENTRY--TOPICAL TERM
Topical term or geographic name entry element ဇင်းကျိုက်ဆံတော်ရှင်ဘုရား
Form subdivision သမိုင်း
9 (RLIN) 55009
942 ## - ADDED ENTRY ELEMENTS (KOHA)
Source of classification or shelving scheme
Koha item type Book (Short term)
Holdings
Withdrawn status Lost status Source of classification or shelving scheme Damaged status Not for loan Collection code Permanent Location Current Location Shelving location Date acquired Total Checkouts Full call number Barcode Date last seen Price effective from Koha item type Accession
          Special Collections Shan State Buddhist University Library Shan State Buddhist University Library Special Collection Shelves 10/10/2024   ၂၉၄.၃၄၃၅၀၉ စေ ၁၃၁၇၅ S-SAT MB00013175 10/10/2024 10/10/2024 Book (Short term) ၁၃၁၇၅ S-SAT

Library - 09407999929
Admin Office - 09407999979
Dean Office - 09250910768
Registrar Office - 09892297154
Email - [email protected]
Shan State Buddhist University, Phaya Phyu Taunggyi, Shan State, Myanmar.